The Libyan Pharaohs of Egypt
محفوظ في:
المؤلف الرئيسي:
التنسيق: كتاب
اللغة: Undetermined
منشور في:
Cairo
American University in Cairo
2025
سلاسل:
Lives and Afterlives
الموضوعات:
الوسوم: إضافة وسم
لا توجد وسوم, كن أول من يضع وسما على هذه التسجيلة!
رقم الطلب: On Hold
| LEADER | 00580nam a2200205Ia 4500 | ||
|---|---|---|---|
| 005 | 20260324113531.0 | ||
| 008 | 260324s9999||||xx |||||||||||||| ||und|| | ||
| 020 | |a 978-1649033109 | ||
| 050 | 4 | |a On Hold | |
| 100 | 0 | |a Aidan Dodson | |
| 245 | 1 | 4 | |a The Libyan Pharaohs of Egypt |c Aidan Dodson |
| 264 | 1 | |a Cairo |b American University in Cairo |c 2025 | |
| 300 | |a 244 Pages |b color and b&w illus. |c 25 cm | ||
| 490 | 0 | |a Lives and Afterlives | |
| 650 | 4 | |a Ancient | |
| 650 | 4 | |a Archaeology | |
| 650 | 4 | |a Biograghy | |
| 650 | 4 | |a Middle East | |
| 650 | 4 | |a Their Lives and Afterlives | |
| 999 | |c 61918 |d 61918 | ||
